000 00809nam a22002297a 4500
999 _c8354
_d8354
003 AR-CdUCM
008 190325b ||||| |||| 00| 0 spa d
040 _aMUNICIPALIDAD PROVINCIAL DEL CUSCO
_cBIBLIOTECA MUNICIPAL DEL CUSCO
082 _a641 /
_bM62
100 _aMickelsen, Olaf
_923455
245 _aLa ciencia de la nutrición :
_bAl servicio de usted /
260 _aMéxico :
_bHispano Americana,
_c1967.
300 _a173 paginas ;
_c18 cm.
440 _aManuales Uteha
_n347
_923456
505 _aContenido : La ciencia y la nutrición -- Bioenergética -- El agua -- Proteínas, grasas y carbohidratos -- Vitaminas ...
650 _aNutrición
_92384
650 _aEl agua
_923457
650 _aVitaminas
_923458
700 _aAgut Armer, Vicente
_923459
942 _2ddc
_cLIBROS
945 _arah